[Event "Santa Fe sf U1700/2000"]
[Site "Santa Fe"]
[Date "2017.03.24"]
[Round "2.2"]
[White "Vazquez, Sebastian"]
[Black "Petrich, Pedro Bautista"]
[Result "0-1"]
[WhiteElo "1617"]
[BlackElo "1941"]
[PlyCount "76"]
[EventDate "2017.03.24"]
[EventType "swiss"]
[EventRounds "6"]
[EventCountry "ARG"]
[SourceTitle "EXT 2024"]
[Source "ChessBase"]
[SourceDate "2023.10.10"]
[SourceVersion "1"]
[SourceVersionDate "2023.10.10"]
[SourceQuality "1"]

1. c4 Nf6 2. g3 e5 3. Nc3 Nc6 4. Bg2 g6 5. Nf3 Bg7 6. d3 0-0 7. Rb1 a5 8. 0-0 d6 9. Bg5 h6 10. Bd2 Be6 11. a3 Qd7 12. Qc1 Kh7 13. Rd1 Bh3 14. Bh1 Ng4 15. b4 axb4 16. axb4 f5 17. Nd5 Rf7 18. c5 dxc5 19. bxc5 e4 20. dxe4 fxe4 21. Bxh6 Qf5 22. Ng5+ Kg8 23. Nxh3 Bxh6 24. Ndf4 g5 25. Qc2 Nf6 26. Rd5 Ne5 27. Ng6 Nxd5 28. Bxe4 Qe6 29. Qb3 c6 30. Nxe5 Qxe5 31. f3 g4 32. Nf2 Be3 33. Rd1 Ra1 34. Kg2 gxf3+ 35. exf3 Bxf2 36. Rxd5 cxd5 37. Bxd5 Rg1+ 38. Kxf2 Qe1# 0-1

[Event "Villaguay op"]
[Site "Villaguay"]
[Date "2016.07.31"]
[Round "6"]
[White "Arancibia, Victor"]
[Black "Petrich, Pedro Bautista"]
[Result "0-1"]
[WhiteElo "1568"]
[BlackElo "1888"]
[PlyCount "86"]
[EventDate "2016.07.29"]
[EventType "swiss"]
[EventRounds "7"]
[EventCountry "ARG"]
[SourceTitle "CBM 173 Extra"]
[Source "ChessBase"]
[SourceDate "2016.08.29"]
[SourceVersion "1"]
[SourceVersionDate "2016.08.29"]
[SourceQuality "1"]

1. e4 c5 2. Nf3 d6 3. Bc4 Nc6 4. d3 Nf6 5. Nc3 e6 6. Bd2 Be7 7. 0-0 a6 8. a3 b5 9. Ba2 0-0 10. Re1 Bb7 11. Bf4 Rc8 12. e5 dxe5 13. Nxe5 Nxe5 14. Bxe5 Nd5 15. Qg4 Bf6 16. Nxd5 exd5 17. Bxf6 Qxf6 18. Qd7 Bc6 19. Qe7 Qxb2 20. Qxc5 Ba8 21. Qd6 Rxc2 22. Bxd5 Bxd5 23. Qxd5 Rxf2 24. Rab1 Qf6 25. Qe4 Rf4 26. Qe3 Ra4 27. Ra1 Qd6 28. Qg3 Qc5+ 29. Qe3 Qd6 30. Qg3 Qxg3 31. hxg3 Rd4 32. Re3 h5 33. Kf2 Rfd8 34. Ke2 g6 35. Rc1 Ra4 36. Rc3 Rdd4 37. Rf3 Rd7 38. Rf6 Kg7 39. Rf4 Rad4 40. Ke3 R4d5 41. d4 g5 42. Re4 f5 43. Re6 Rxd4 0-1

[Event "ARG-ch U16"]
[Site "Villa Martelli"]
[Date "2016.05.31"]
[Round "8.3"]
[White "Cimer, Emanuel"]
[Black "Petrich, Pedro Bautista"]
[Result "1-0"]
[WhiteElo "2076"]
[BlackElo "1739"]
[PlyCount "45"]
[EventDate "2016.05.28"]
[EventType "swiss"]
[EventRounds "9"]
[EventCountry "ARG"]
[SourceTitle "EXT 2024"]
[Source "ChessBase"]
[SourceDate "2023.10.10"]
[SourceVersion "1"]
[SourceVersionDate "2023.10.10"]
[SourceQuality "1"]

1. e4 d5 2. exd5 Nf6 3. d4 Nxd5 4. Nf3 e6 5. Be2 Be7 6. 0-0 0-0 7. b3 b6 8. c4 Nf6 9. Bb2 Bb7 10. Ne5 Nbd7 11. Bf3 Bxf3 12. Qxf3 Nxe5 13. dxe5 Nd7 14. Rd1 Qc8 15. Nd2 f6 16. exf6 Bxf6 17. Bxf6 Rxf6 18. Qe2 e5 19. Nf3 Qe8 20. Qe4 Re6 21. Rxd7 Qxd7 22. Qxa8+ Re8 23. Qd5+ 1-0

[Event "ARG-ch U16"]
[Site "Villa Martelli"]
[Date "2016.05.29"]
[Round "5.5"]
[White "Petrich, Pedro Bautista"]
[Black "Fernandez Mazzetti, Ignacio"]
[Result "0-1"]
[WhiteElo "1739"]
[BlackElo "1943"]
[PlyCount "50"]
[EventDate "2016.05.28"]
[EventType "swiss"]
[EventRounds "9"]
[EventCountry "ARG"]
[SourceTitle "EXT 2024"]
[Source "ChessBase"]
[SourceDate "2023.10.10"]
[SourceVersion "1"]
[SourceVersionDate "2023.10.10"]
[SourceQuality "1"]

1. e4 c5 2. Nf3 d6 3. d4 cxd4 4. Nxd4 Nf6 5. Nc3 g6 6. Bc4 Bg7 7. f3 0-0 8. Be3 Nc6 9. Bb3 Bd7 10. Qd2 Nxd4 11. Bxd4 b5 12. 0-0-0 a5 13. e5 dxe5 14. Bxe5 Bc6 15. Qe2 Qb6 16. a4 bxa4 17. Nxa4 Qb4 18. Rd4 Qb7 19. Rhd1 Rfc8 20. h4 h5 21. Rf4 Bh6 22. Nc5 Bxf3 23. Qc4 Bd5 24. Qd4 Rxc5 25. Qxc5 Bxb3 0-1

[Event "ARG-ch U16"]
[Site "Villa Martelli"]
[Date "2016.05.28"]
[Round "1.4"]
[White "Leto, Enzo"]
[Black "Petrich, Pedro Bautista"]
[Result "1-0"]
[WhiteElo "2078"]
[BlackElo "1739"]
[PlyCount "63"]
[EventDate "2016.05.28"]
[EventType "swiss"]
[EventRounds "9"]
[EventCountry "ARG"]
[SourceTitle "EXT 2024"]
[Source "ChessBase"]
[SourceDate "2023.10.10"]
[SourceVersion "1"]
[SourceVersionDate "2023.10.10"]
[SourceQuality "1"]

1. d4 Nf6 2. c4 e6 3. g3 d5 4. Bg2 c6 5. Nf3 Bd6 6. 0-0 0-0 7. Nbd2 Nbd7 8. Qc2 b6 9. cxd5 cxd5 10. Qc6 Qc7 11. Qb5 a5 12. Re1 Ba6 13. Qb3 Rac8 14. e4 dxe4 15. Ng5 e5 16. dxe5 Nxe5 17. Ngxe4 Nd3 18. Nxf6+ gxf6 19. Rd1 f5 20. Bf1 Nc5 21. Qd5 Bxf1 22. Nxf1 Be5 23. Bg5 Ne4 24. Rac1 Qb8 25. Rxc8 Rxc8 26. Be3 Nf6 27. Qf3 Ng4 28. Qxf5 Nxe3 29. Nxe3 Rc6 30. Qg5+ Rg6 31. Rd8+ Kg7 32. Nf5# 1-0

[Event "Concordia Trabajadores"]
[Site "Concordia"]
[Date "2015.05.01"]
[Round "1"]
[White "Petrich, Pedro Bautista"]
[Black "Lopez Ortiz, Juan"]
[Result "0-1"]
[WhiteElo "1571"]
[BlackElo "2015"]
[PlyCount "54"]
[EventDate "2015.05.01"]
[EventType "swiss"]
[EventRounds "7"]
[EventCountry "ARG"]
[SourceTitle "EXT 2023"]
[Source "ChessBase"]
[SourceDate "2022.10.05"]
[SourceVersion "1"]
[SourceVersionDate "2022.10.05"]
[SourceQuality "1"]

1. e4 c5 2. Nf3 d6 3. d4 cxd4 4. Nxd4 Nf6 5. Nc3 g6 6. Be2 Bg7 7. Be3 Nc6 8. Qd2 0-0 9. 0-0-0 Ng4 10. Bxg4 Bxg4 11. f3 Bd7 12. h4 Ne5 13. Qe2 Rc8 14. h5 Nc4 15. hxg6 fxg6 16. Bh6 Qb6 17. Nb3 Bxc3 18. bxc3 Qa6 19. Rd4 Bb5 20. Qf2 Rf7 21. Rd5 e5 22. Qh4 Bc6 23. Qg4 Re8 24. Rh5 Bxd5 25. exd5 e4 26. Rg5 Qa3+ 27. Kd1 Ne3+ 0-1

[Event "Concordia Trabajadores"]
[Site "Concordia"]
[Date "2015.05.01"]
[Round "2"]
[White "Quercia, Rocio Florencia"]
[Black "Petrich, Pedro Bautista"]
[Result "0-1"]
[WhiteElo "1429"]
[BlackElo "1571"]
[PlyCount "45"]
[EventDate "2015.05.01"]
[EventType "swiss"]
[EventRounds "7"]
[EventCountry "ARG"]
[SourceTitle "EXT 2023"]
[Source "ChessBase"]
[SourceDate "2022.10.05"]
[SourceVersion "1"]
[SourceVersionDate "2022.10.05"]
[SourceQuality "1"]

1. e4 c5 2. Nf3 d6 3. Bc4 Nc6 4. 0-0 Nf6 5. Re1 Bg4 6. h3 Bh5 7. c3 e6 8. d4 Bxf3 9. Qxf3 cxd4 10. Bd2 Ne5 11. Qe2 Nxc4 12. Qxc4 dxc3 13. Nxc3 Rc8 14. Qa4+ Qd7 15. Qxa7 Be7 16. Rad1 0-0 17. Qe3 b5 18. Qg3 Kh8 19. Qf3 b4 20. e5 bxc3 21. exf6 cxd2 22. fxe7 dxe1Q+ 23. Rxe1 0-1

[Event "ARG-ch U16 sf"]
[Site "La Falda"]
[Date "2015.03.19"]
[Round "1"]
[White "Petrich, Pedro Bautista"]
[Black "Robledo, Cristian"]
[Result "0-1"]
[WhiteElo "1528"]
[BlackElo "2025"]
[PlyCount "90"]
[EventDate "2015.03.19"]
[EventType "swiss"]
[EventRounds "9"]
[EventCountry "ARG"]
[SourceTitle "EXT 2016"]
[Source "ChessBase"]
[SourceDate "2015.10.08"]
[SourceVersion "1"]
[SourceVersionDate "2015.10.08"]
[SourceQuality "1"]

1. d4 d5 2. c4 c6 3. cxd5 cxd5 4. Nc3 Nc6 5. Bf4 e6 6. e3 a6 7. a3 Nf6 8. Bd3 Be7 9. Nf3 b5 10. 0-0 Bb7 11. Rc1 0-0 12. b4 Rc8 13. Qe2 Nh5 14. Rfd1 Nxf4 15. exf4 g6 16. Bb1 Bf6 17. g3 Qb6 18. Qd3 Rc7 19. Ne2 Rfc8 20. Bc2 a5 21. bxa5 Nxa5 22. Ne5 Nc4 23. Qb3 Be7 24. a4 b4 25. Bd3 Ba6 26. Rc2 Na5 27. Rxc7 Nxb3 28. Rxe7 Bxd3 29. Rxd3 Nc1 30. Nxc1 Rxc1+ 31. Kg2 Rc7 32. Nd7 Qd6 33. Re8+ Kg7 34. Nc5 Rxc5 35. dxc5 Qxc5 36. Rb3 Qc4 37. Rf3 d4 38. a5 d3 39. Rd8 b3 40. Rdxd3 b2 41. Rb3 Qc2 42. a6 b1Q 43. a7 Qbxb3 44. Rxb3 Qc6+ 45. f3 Qa6 0-1